El futuro de las prisiones: estudios sobre crimen y justicia (Registro nro. 2203)

Detalles MARC
000 -Cabecera
Campo de control de longitud fija 00895aam a2200325 4500
005 - Fecha y hora de la última transacción
Campo de control 20260416103152.0
008 - Elementos de longitud fija--Información general
Campo de control de longitud fija 150522b2009 xxu||||| |||| 00| 0 spa d
020 ## - International Standard Book Number
Número Internacional Estándar del Libro (ISBN) 9789682300615
041 ## - Idioma
Código de idioma Español
082 ## - Clasificación Decimal Dewey
Número de clasificación 365 M875f
100 ## - Entrada principal--Autor personal
Nombre personal Morris, Noival
9 (RLIN) 19021
245 ## - Título propiamente dicho
Título El futuro de las prisiones: estudios sobre crimen y justicia
260 ## - Pie de imprenta
Lugar de publicación, distribución, etc. México
260 ## - Pie de imprenta
Nombre del editor, distribuidor, etc. Siglo XXI
260 ## - Pie de imprenta
Fecha de publicación, distribución, etc. 2009
300 ## - Descripción física
Extensión 183 páginas
490 ## - Serie
Título de la Serie Investigación Criminal
650 ## - Materia general
Temática (materia general) PRISIONES
650 ## - Materia general
Temática (materia general) CURA COERCITIVA
650 ## - Materia general
Temática (materia general) PENA DE PRISIÓN
650 ## - Materia general
Temática (materia general) SOLUCIONES ALTERNATIVAS
650 ## - Materia general
Temática (materia general) REHABILITACIÓN
650 ## - Materia general
Temática (materia general) TRATAMIENTO CARCELARIO
650 ## - Materia general
Temática (materia general) LIBERACIÓN PROVISIONAL
650 ## - Materia general
Temática (materia general) LIBERACIÓN BAJO PALABRA
650 ## - Materia general
Temática (materia general) JUSTIFICACIÓN DE LA PENA
650 ## - Materia general
Temática (materia general) CRIMINALES VIOLENTOS
650 ## - Materia general
Temática (materia general) PROCEDIMIENTOS DE INGRESO
942 ## - Punto de acceso adicional KOHA
Tipo de ítem KOHA Libro
Fuente del sistema de clasificación o colocación Dewey Decimal Classification
Existencias
Signatura completa Código de barras Programa Académico Tipo de ítem
365 M875f 14953 Investigación Criminal Libro
365 M875f 14954 Investigación Criminal Libro